Estadísticas judiciales en materia penal (Record no. 83473)
[ view plain ]
| 000 -CABECERA | |
|---|---|
| campo de control de longitud fija | 02245cam a22005057a 4500 |
| 003 - IDENTIFICADOR DEL NÚMERO DE CONTROL | |
| campo de control | CHAP |
| 005 - FECHA Y HORA DE LA ÚLTIMA TRANSACCIÓN | |
| campo de control | 20220329142434.0 |
| 008 - DATOS DE LONGITUD FIJA--INFORMACIÓN GENERAL | |
| campo de control de longitud fija | 010209c2000 mx rs 00010 spa d |
| 010 ## - NÚMERO DE CONTROL DE LA BIBLIOTECA DEL CONGRESO | |
| Número de control de LC | 83473 |
| 011 ## - ENLACE DEL NUMERO DE CONTROL DE LA BIBLIOTECA DEL CONGRESO [OBSOLETO] | |
| Número de control de LC | 84445 |
| 020 ## - NÚMERO INTERNACIONAL ESTÁNDAR DEL LIBRO | |
| Número Internacional Estándar del Libro | 970-13-3077-3 |
| 020 ## - NÚMERO INTERNACIONAL ESTÁNDAR DEL LIBRO | |
| Número Internacional Estándar del Libro | 9701336569 |
| 035 ## - NÚMERO DE CONTROL DEL SISTEMA | |
| Número de control de sistema | 94965 |
| 040 ## - FUENTE DE LA CATALOGACIÓN | |
| Centro/agencia transcriptor | CHAP |
| 082 ## - NÚMERO DE LA CLASIFICACIÓN DECIMAL DEWEY | |
| Número de clasificación | 343.0972 |
| Número de documento/Ítem | I57 |
| 110 ## - ENTRADA PRINCIPAL--NOMBRE DE ENTIDAD CORPORATIVA | |
| Nombre de entidad corporativa o nombre de jurisdicción como elemento de entrada | Instituto Nacional de Estadística, Geografía e Informática. México |
| 9 (RLIN) | 59304 |
| 245 #0 - MENCIÓN DE TÍTULO | |
| Título | Estadísticas judiciales en materia penal |
| Mención de responsabilidad, etc. | /por Instituto Nacional de Estadística, Geografía e Informática |
| 260 ## - PUBLICACIÓN, DISTRIBUCIÓN, ETC. | |
| Lugar de publicación, distribución, etc. | Aguascalientes, Ags. : |
| Nombre del editor, distribuidor, etc. | El Instituto, |
| Fecha de publicación, distribución, etc. | 1998- |
| 300 ## - DESCRIPCIÓN FÍSICA | |
| Extensión | v. |
| Otras características físicas | gráfs. |
| 410 ## - MENCIÓN DE SERIE/PUNTO DE ACCESO ADICIONAL--ENTIDAD CORPORATIVA [OBSOLETO, CAN/MARC], [LOCAL, USA] | |
| Nombre de entidad corporativa o nombre de jurisdicción como elemento de entrada | INEGI |
| 490 #0 - MENCIÓN DE SERIE | |
| Mención de serie | Cuaderno |
| 500 ## - NOTA GENERAL | |
| Nota general | La biblioteca tiene : 1998, 1999, 2000, 2001, 2002, 2003, 2004 |
| 590 ## - NOTA LOCAL (RLIN) | |
| Nota local | BATCH-UPD |
| Procedencia (VM) [OBSOLETO] | 10 |
| Condición del los carretes individuales (VM) [OBSOLETO] | 20130110 |
| -- | UCH01 |
| -- | 1944 |
| 590 ## - NOTA LOCAL (RLIN) | |
| Nota local | BATCH-UPD |
| Procedencia (VM) [OBSOLETO] | 10 |
| Condición del los carretes individuales (VM) [OBSOLETO] | 20130410 |
| -- | UCH01 |
| -- | 1307 |
| 590 ## - NOTA LOCAL (RLIN) | |
| Nota local | BATCH-UPD |
| Procedencia (VM) [OBSOLETO] | 10 |
| Condición del los carretes individuales (VM) [OBSOLETO] | 20130914 |
| -- | UCH01 |
| -- | 1143 |
| 590 ## - NOTA LOCAL (RLIN) | |
| Nota local | CONVERSION |
| Procedencia (VM) [OBSOLETO] | 10 |
| Condición del los carretes individuales (VM) [OBSOLETO] | 20130109 |
| -- | UCH01 |
| -- | 1346 |
| 650 14 - PUNTO DE ACCESO ADICIONAL DE MATERIA--TÉRMINO DE MATERIA | |
| Término de materia o nombre geográfico como elemento de entrada | Derecho penal |
| Subdivisión general | Estadísticas |
| Subdivisión geográfica | México. |
| 9 (RLIN) | 31902 |
| 650 14 - PUNTO DE ACCESO ADICIONAL DE MATERIA--TÉRMINO DE MATERIA | |
| Término de materia o nombre geográfico como elemento de entrada | Población |
| Subdivisión general | Estadísticas |
| Subdivisión geográfica | México. |
| 9 (RLIN) | 89385 |
| 810 00 - PUNTO DE ACCESO ADICIONAL DE SERIE--NOMBRE DE ENTIDAD CORPORATIVA | |
| Nombre de entidad corporativa o nombre de jurisdicción como elemento de entrada | INEGI |
| 9 (RLIN) | 58045 |
| 830 00 - PUNTO DE ACCESO ADICIONAL DE SERIE-TÍTULO UNIFORME | |
| Título uniforme | Cuaderno |
| 9 (RLIN) | 29704 |
| 901 ## - ELEMENTOS DE DATOS A LOCAL LDA (RLIN) | |
| a | BK |
| 905 ## - ELEMENTOS DE DATOS E LOCAL, LDE (RLIN) | |
| a | Lilia Sánchez G. |
| 942 ## - ELEMENTOS DE PUNTO DE ACCESO ADICIONAL (KOHA) | |
| Tipo de ítem Koha | Libro |
| 949 ## - PROCESAMIENTO DE INFORMACIÓN LOCAL (OCLC) | |
| a | 343.0972 I57 2004 |
| b | BC |
| c | INEGI |
| d | 33724000951497 |
| e | INEGI |
| f | c.2 |
| g | DonaciØn |
| h | 105377 |
| i | 94965 |
| s | b |
| 949 ## - PROCESAMIENTO DE INFORMACIÓN LOCAL (OCLC) | |
| a | 343.0972 I57 Chis. |
| b | BC |
| c | INEGI |
| d | 33724000800033 |
| e | INEGI |
| f | 2000 |
| h | 99371 |
| i | 94965 |
| s | b |
| 949 ## - PROCESAMIENTO DE INFORMACIÓN LOCAL (OCLC) | |
| a | 343.0972 I57 Oax. |
| b | BC |
| c | INEGI |
| d | 33724000800090 |
| e | INEGI |
| f | 2000 |
| h | 99369 |
| i | 94965 |
| s | b |
| 949 ## - PROCESAMIENTO DE INFORMACIÓN LOCAL (OCLC) | |
| a | 343.0972 I57 Tab. |
| b | BC |
| c | INEGI |
| d | 33724000849824 |
| e | INEGI |
| f | 2000 |
| h | 99370 |
| i | 94965 |
| s | b |
| 949 ## - PROCESAMIENTO DE INFORMACIÓN LOCAL (OCLC) | |
| a | 343.0972 I57 |
| b | BC |
| c | INEGI |
| d | 33724000814059 |
| e | INEGI |
| f | 2001 |
| g | DonaciØn |
| h | 102767 |
| i | 94965 |
| s | b |
| 949 ## - PROCESAMIENTO DE INFORMACIÓN LOCAL (OCLC) | |
| a | 343.0972 I57 |
| b | BC |
| c | INEGI |
| d | 33724000814182 |
| e | INEGI |
| f | 1999 c.2 |
| h | 99641 |
| i | 94965 |
| s | i |
| 949 ## - PROCESAMIENTO DE INFORMACIÓN LOCAL (OCLC) | |
| a | 343.0972 I57 |
| b | BC |
| c | INEGI |
| d | 33724000815239 |
| e | INEGI |
| f | 1998 |
| h | 99567 |
| i | 94965 |
| s | b |
| 949 ## - PROCESAMIENTO DE INFORMACIÓN LOCAL (OCLC) | |
| a | 343.0972 I57 |
| b | BC |
| c | INEGI |
| d | 33724000815296 |
| e | INEGI |
| f | 1999 |
| h | 99566 |
| i | 94965 |
| s | b |
| 949 ## - PROCESAMIENTO DE INFORMACIÓN LOCAL (OCLC) | |
| a | 343.0972 I57 |
| b | BC |
| c | INEGI |
| d | 33724000888400 |
| e | INEGI |
| f | 2002 |
| h | 103558 |
| i | 94965 |
| s | b |
| 949 ## - PROCESAMIENTO DE INFORMACIÓN LOCAL (OCLC) | |
| a | 343.0972 I57 |
| b | BC |
| c | INEGI |
| d | 33724000922688 |
| e | INEGI |
| f | 2003 |
| g | DonaciØn |
| h | 104432 |
| i | 94965 |
| s | b |
| 949 ## - PROCESAMIENTO DE INFORMACIÓN LOCAL (OCLC) | |
| a | 343.0972 I57 |
| b | BC |
| c | INEGI |
| d | 33724000958492 |
| e | INEGI |
| f | 2003 c.2 |
| h | 105168 |
| i | 94965 |
| s | b |
| Estado de retiro | Estado de pérdida | Estado dañado | Restricciones de uso | No para préstamo | Código de colección | Localización permanente | Ubicación/localización actual | Fecha de adquisición | Fuente de adquisición | Información codificada de la localización en otra ubicación | Número de inventario | Total de préstamos | Signatura topográfica completa | Código de barras | Fecha visto por última vez | Número de copia | Precio válido a partir de | Tipo de ítem Koha |
|---|---|---|---|---|---|---|---|---|---|---|---|---|---|---|---|---|---|---|
| Préstamo 3 días | Publicaciones INEGI | Biblioteca Central | Biblioteca Central | 31/12/2019 | Donacion | LIBRO | 127 | 343.0972 I57 2004 | 33724000951497 | 31/12/2019 | c.2 | 31/12/2019 | Libro | |||||
| Préstamo 3 días | Publicaciones INEGI | Biblioteca Central | Biblioteca Central | 31/12/2019 | Donacion | LIBRO | 127 | 343.0972 I57 Chis. | 33724000800033 | 31/12/2019 | 2000 | 31/12/2019 | Libro | |||||
| Préstamo 3 días | Publicaciones INEGI | Biblioteca Central | Biblioteca Central | 31/12/2019 | Donacion | LIBRO | 127 | 343.0972 I57 Oax. | 33724000800090 | 31/12/2019 | 2000 | 31/12/2019 | Libro | |||||
| Préstamo 3 días | Publicaciones INEGI | Biblioteca Central | Biblioteca Central | 31/12/2019 | LIBRO | 127 | 343.0972 I57 Tab. | 33724000849824 | 31/12/2019 | 2000 | 31/12/2019 | Libro | ||||||
| Préstamo 3 días | Publicaciones INEGI | Biblioteca Central | Biblioteca Central | 31/12/2019 | LIBRO | 127 | 343.0972 I57 | 33724000814182 | 31/12/2019 | 1999 c.2 | 31/12/2019 | Libro | ||||||
| Préstamo 3 días | Publicaciones INEGI | Biblioteca Central | Biblioteca Central | 31/12/2019 | LIBRO | 127 | 343.0972 I57 | 33724000815239 | 31/12/2019 | 1998 | 31/12/2019 | Libro | ||||||
| Préstamo 3 días | Publicaciones INEGI | Biblioteca Central | Biblioteca Central | 31/12/2019 | LIBRO | 127 | 343.0972 I57 | 33724000815296 | 31/12/2019 | 1999 | 31/12/2019 | Libro | ||||||
| Préstamo 3 días | Publicaciones INEGI | Biblioteca Central | Biblioteca Central | 31/12/2019 | LIBRO | 127 | 343.0972 I57 | 33724000888400 | 31/12/2019 | 2002 | 31/12/2019 | Libro | ||||||
| Préstamo 3 días | Publicaciones INEGI | Biblioteca Central | Biblioteca Central | 31/12/2019 | LIBRO | 127 | 343.0972 I57 | 33724000958492 | 31/12/2019 | 2003 c.2 | 31/12/2019 | Libro | ||||||
| Préstamo 3 días | Publicaciones INEGI | Biblioteca Central | Biblioteca Central | 31/12/2019 | LIBRO | 127 | 343.0972 I57 | 33724000814059 | 31/12/2019 | 2001 | 31/12/2019 | Libro | ||||||
| Préstamo 3 días | Publicaciones INEGI | Biblioteca Central | Biblioteca Central | 31/12/2019 | LIBRO | 127 | 343.0972 I57 | 33724000922688 | 31/12/2019 | 2003 | 31/12/2019 | Libro |
